PRACTICAL MANUAL OF PHARMACOGNOSY (Record no. 5984)

MARC details
000 -LEADER
fixed length control field 00498nam a22001817a 4500
005 - DATE AND TIME OF LATEST TRANSACTION
control field 20230117100738.0
008 - FIXED-LENGTH DATA ELEMENTS--GENERAL INFORMATION
fixed length control field 190911b xxu||||| |||| 00| 0 eng d
020 ## - INTERNATIONAL STANDARD BOOK NUMBER
ISBN 978-93-86084-77-4
041 ## - LANGUAGE CODE
Language code of text/sound track or separate title eng
082 ## - DEWEY DECIMAL CLASSIFICATION NUMBER
Classification number 615.19 GUP-P
100 ## - MAIN ENTRY--AUTHOR NAME
Personal name GUPTA, DR. G.D., SHARMA, DR. SHAILESH AND KAUR, NAVJIT
245 ## - TITLE STATEMENT
Title PRACTICAL MANUAL OF PHARMACOGNOSY
250 ## - EDITION STATEMENT
Edition statement 5th Ed. 2019
260 ## - PUBLICATION, DISTRIBUTION, ETC. (IMPRINT)
Place of publication PUNE
Name of publisher NIRALI PRAKASHAN
300 ## - PHYSICAL DESCRIPTION
Number of Pages 62p,
650 ## - SUBJECT ADDED ENTRY--TOPICAL TERM
Topical Term PHARMACY
General subdivision B.PHARMA
942 ## - ADDED ENTRY ELEMENTS (KOHA)
Koha item type Books
Holdings
Lost status Damaged status Collection code Home library Current library Shelving location Date acquired Source of acquisition Cost, normal purchase price Full call number Accession Number Koha item type
    PHARMACY JRU Library JRU Library Shelf - 27- B 11/09/2019 PURCHESS 60.00 615.19 23504 Books
    PHARMACY JRU Library JRU Library Shelf - 27- B 11/09/2019 PURCHESS 60.00 615.19 23505 Books
    PHARMACY JRU Library JRU Library Shelf - 27- B 11/09/2019 PURCHESS 60.00 615.19 23506 Books
    Reference JRU Library JRU Library SHELF-4-E 11/09/2019 PURCHESS 60.00 615.19 GUP-P 23507 Books
    PHARMACY JRU Library JRU Library Shelf - 27- B 10/02/2022 PURCHASE 150.00 615.19 26318 Books
    PHARMACY JRU Library JRU Library Shelf - 24- B 10/02/2022 PURCHASE 150.00 615.19 26319 Books
    PHARMACY JRU Library JRU Library Shelf - 27- B 10/02/2022 PURCHASE 150.00 615.19 26320 Books
    PHARMACY JRU Library JRU Library Shelf - 27- B 10/02/2022 PURCHASE 150.00 615.19 26321 Books
    PHARMACY JRU Library JRU Library Shelf - 27- B 10/02/2022 PURCHASE 150.00 615.19 26322 Books